Guide to proyect management (Registro nro. 11052)

Detalles MARC
000 -LIDER
fixed length control field 00845nam a2200289 a 4500
001 - NÚMERO DE CONTROL
Identificador de número de control 0000579
003 - IDENTIFICACDOR DE NÚMERO DE CONTROL
control field DO-SdBNP
005 - DATE AND TIME OF LATEST TRANSACTION
control field 20171110125154.0
007 - CAMPOS FIJOS DE DESCRIPCIÓN FÍSICA
fixed length control field 0000579
008 - ELEMENTOS DE LONGITUD FIJA
fixed length control field 140711s 2007 xxk a 000 0 spa d
020 ## - ISBN
International Standard Book Number 9781861978226
040 ## - FUENTE DE CATALOGACIÓN
Agencia que crea de manera original el registro BPMSU
Idioma de catalogación spa
Agencia que realiza la transcripción BPMSU
082 #4 - NÚMERO DE CLASIFICACIÓN DECIMAL DE DEWEY
Classification number 658.4
Item number R643g
100 1# - ASIENTO PRINCIPAL -- NOMBRE PERSONAL
Nombre personal Roberts, Paul
Fechas asociadas con el nombre 1964-
245 10 - MENCIÓN DE TITULO
Título Guide to proyect management
Subtítulo achieving lasting benefit through effective change /
Mención de responsabilidad Paul Roberts
260 ## - PUBLICACIÓN, DISTRIBUCIÓN, ETC. (PIE DE IMPRENTA)
Lugar de publicación, distribución, etc London :
Nombre del editor, distribuidor, etc. Profile,
Fecha de publicación, distribución, etc 2007.
300 ## - DESCRIPCIÓN FÍSICA
Extensión 311 p. ;
Otros detalles físicos il.
Dimensiones 23 cm.
490 ## - MENCIÓN DE SERIES
Mención de serie The economist
500 ## - NOTA GENERAL
Nota general Incluye índice
500 ## - NOTA GENERAL
Nota general Incluye glosario
650 #4 - ENCABEZAMIENTO DE MATERIA--TEMÁTICO
Término temático o nombre geográfico como elemento de entrada ADMINISTRACIÓN DE PROYECTOS
830 #0 - ASIENTO SECUNDARIO DE SERIE--TÍTULO UNIFORME
Título uniforme The economist
910 ## - VALIDACIÓN
Validación Validado. Control de calidad MFF
942 ## - ADDED ENTRY ELEMENTS (KOHA)
Source of classification or shelving scheme Dewey Decimal Classification
Koha item type Libros
945 ## - INFORMACIÓN DE PROCESAMIENTO LOCAL
Información de procesamiento local Inventariado, 2017/MFF
956 ## - LOCAL ELECTRONIC LOCATION AND ACCESS (OCLC)
Nombre de host YLOCKWARD
Número de acceso 10
Inicio de sesión BND01
Procesador de solicitud 1027
Existencias
Withdrawn status Lost status Source of classification or shelving scheme Damaged status Not for loan Collection code Home library Current library Date acquired Source of acquisition Total Checkouts Full call number Barcode Date last seen Price effective from Koha item type
    Dewey Decimal Classification     Colección General Biblioteca Pública Metropolitana Salomé Ureña Biblioteca Pública Metropolitana Salomé Ureña 07/29/2016 Roberto Ant .Fernandez   658.4 R643g BPMSU16070683 07/29/2016 07/29/2016 Libros